| 000 | 00617nam a2200193Ii 4500 | ||
|---|---|---|---|
| 003 | JO-AjNU | ||
| 008 | 230605s9999||||xx |||||||||||||| ||und|| | ||
| 040 |
_aJO-AjNU _bara _erda _cJO-AjNU |
||
| 041 | _aara | ||
| 050 | 1 | 4 | _aRC86.7 2004 |
| 100 | 3 |
_aاعداد غدويس ، غروست /ترجمة احمد رمو, _eauthor _911076 |
|
| 245 | 0 | 0 | _aالاسعاف الاولي |
| 264 | 3 | 1 | _aدمشق : دار علاء الدين ،2004 |
| 300 | _a140ص | ||
| 336 |
_atext _btxt _2rdacontent |
||
| 337 |
_aunmediated _bn _2rdamedia |
||
| 338 |
_avolume _bnc _2rdacarrier |
||
| 650 | 4 |
_aالاسعاف الاولي _911077 |
|
| 999 |
_aA2135 _c5703 _d5703 |
||